<?xml version="1.0" encoding="UTF-8"?>
<marc:record xmlns:marc="http://www.loc.gov/MARC21/slim">
   <marc:leader>00000nam a2200000 a 4500</marc:leader>
   <marc:datafield ind1="1" ind2=" " tag="100">
      <marc:subfield code="a">Weinrank, Lisa</marc:subfield>
      <marc:subfield code="4">aut</marc:subfield>
      <marc:subfield code="e">Verfasser/-in</marc:subfield>
   </marc:datafield>
   <marc:datafield ind1="0" ind2="0" tag="245">
      <marc:subfield code="a">Trick 17 - Familienalltag</marc:subfield>
   </marc:datafield>
   <marc:datafield ind1="0" ind2="0" tag="245">
      <marc:subfield code="b">222 Lifehacks rund um Kind &amp; Kegel</marc:subfield>
   </marc:datafield>
   <marc:datafield ind1="0" ind2="0" tag="245">
      <marc:subfield code="c">Weinrank, Lisa</marc:subfield>
   </marc:datafield>
   <marc:datafield ind1=" " ind2="1" tag="264">
      <marc:subfield code="a">Stuttgart</marc:subfield>
      <marc:subfield code="c">2020</marc:subfield>
   </marc:datafield>
   <marc:datafield ind1="1" ind2=" " tag="490">
      <marc:subfield code="a">Trick 17</marc:subfield>
   </marc:datafield>
   <marc:datafield ind1=" " ind2=" " tag="250">
      <marc:subfield code="a">1. Auflage</marc:subfield>
   </marc:datafield>
   <marc:datafield ind1="1" ind2=" " tag="520">
      <marc:subfield code="a">Angaben aus der Verlagsmeldung

Trick 17 - Familienleben : 222 Lifehacks rund um Kind &amp; Kegel / von Ielyzaveta Weinrank

Alle Eltern sind Improvisations-Genies - wir machen es euch noch leichter! Der neue Trick 17-Band bietet in altbewährter Manier geniale Tricks und überraschende Ideen für den Alltag mit Babys, Kindern und Teens. Finden Sie für jede Eventualität den richtigen Hack: Ordnung &amp; Sauberkeit, Gesundheit &amp; Wohlbefinden, Unterwegs &amp; im Urlaub, Essen &amp; Trinken, Partys &amp; Kindergeburtstage, Nachhaltig leben mit Kindern. Das perfekte (Geschenk-)Buch für den ganz normalen Familien-Wahnsinn.
</marc:subfield>
   </marc:datafield>
   <marc:datafield ind1=" " ind2=" " tag="020">
      <marc:subfield code="a">9783772471865</marc:subfield>
      <marc:subfield code="9">9783772471865</marc:subfield>
   </marc:datafield>
   <marc:datafield ind1=" " ind2=" " tag="020">
      <marc:subfield code="a">3772471862</marc:subfield>
      <marc:subfield code="9">3772471862</marc:subfield>
   </marc:datafield>
   <marc:datafield ind1=" " ind2=" " tag="041">
      <marc:subfield code="a">ger</marc:subfield>
   </marc:datafield>
   <marc:datafield ind1=" " ind2=" " tag="300">
      <marc:subfield code="a">319 Seiten</marc:subfield>
   </marc:datafield>
</marc:record>
